Doing business in Brazil.
| Format: | Book |
|---|---|
| Published: |
New York:
Price Waterhouse,
1994.
|
| Subjects: |
| LEADER | 00419cam a2200157 7i4500 | ||
|---|---|---|---|
| 001 | 0000004887 | ||
| 005 | 19991025090000.0 | ||
| 002 | ##000006444 | ||
| 020 | 0 | 0 | |a T000005197 |
| 090 | 0 | 0 | |a BRAZ 338.7 |b DOI |
| 245 | 0 | 0 | |a Doing business in Brazil. |
| 260 | 0 | 0 | |a New York: |b Price Waterhouse, |c 1994. |
| 300 | 0 | 0 | |a 219 p.. |
| 650 | 0 | 0 | |a Business -- |z Brazil |
| 651 | 0 | 0 | |a Brazil |
| 999 | |a 0000007589 |b Book |c Open shelf |e Business Information Centre | ||